Sabiduría y adaptación: (Registro nro. 17464)
[ vista simple ]
| 000 -CABECERA | |
|---|---|
| Campo de control | 01146nam a22002297a 4500 |
| 005 - FECHA Y HORA DE LA ULTIMA TRANSACCION | |
| Campo de control | 20150623100839.0 |
| 008 - ELEMENTOS DE LONGITUD FIJA—INFORMACION GENERAL | |
| Campo de control | 150616b2014 ec ||||| |||| 00| 0 spa d |
| 040 ## - FUENTE DE CATALOGACIÓN | |
| Agencia catalogadora original | CO-BoIAVH |
| Agencia transcriptora | CO-BoIAVH |
| 041 0# - IDIOMA | |
| Código de idioma para texto/pista de sonido o título separado | Español |
| 044 ## - PAÍS DE PUBLICACIÓN | |
| País de publicación | Ecuador |
| 082 #4 - NUMERO DE CLASIFICACION DECIMAL DEWEY | |
| Número de clasificación | 577.22 |
| Número del ítem | L31s |
| 100 1# - ASIENTO PRINCIPAL--NOMBRE PERSONAL | |
| Nombre personal | Lara Ponce, Rommel |
| 245 1# - MENCION DE TITULO | |
| Título | Sabiduría y adaptación: |
| Parte restante del título | El valor del conocimiento tradicional para la adaptación del cambio climático en América del Sur/ |
| Mención de responsabilidad | Rommel Lara Ponce |
| 260 #3 - PUBLICACION, DISTRIBUCION, ETC. (PIE DE IMPRENTA) | |
| Lugar de publicación, distribución, etc. | Quito: |
| Nombre del editor, distribuidor, etc. | Unión Internacional para la Conservación de la Naturaleza y de los Recursos Naturales (UCN), |
| Fecha de publicación, distribución, etc. | 2014. |
| 300 ## - DESCRIPCION FISICA | |
| Extensión | 186 p. |
| Otros detalles físicos | fot., col., il. |
| Dimensiones | 24 cm. |
| 505 ## - NOTA DE CONTENIDO | |
| Nota de contenido | Incluye índice. |
| 520 ## - NOTA DE RESUMEN, ETC. | |
| Nota de resumen | Se muestra la implementación del proyecto El Clima Cambia, Cambia Tú También, donde se muestra la transformación del conocimiento tradicional por parte de las poblaciones indígenas buscando y permtiendoles adaptarse al cambio climático. |
| 650 #4 - ASIENTO SECUNDARIO DE MATERIA - TERMINO TEMATICO | |
| Término temático o nombre geográfico como elemento de entrada | Indígenas |
| Subdivisión de forma | Adaptación al cambio climático |
| Subdivisión geográfica | Amazonía |
| 650 #4 - ASIENTO SECUNDARIO DE MATERIA - TERMINO TEMATICO | |
| Término temático o nombre geográfico como elemento de entrada | Indígenas |
| Subdivisión de forma | Tradiciones y Costumbres |
| Subdivisión geográfica | Amazonía |
| 700 1# - ASIENTO SECUNDARIO - NOMBRE PERSONAL | |
| Nombre personal | Vides-Almonacid, Roberto |
| Término de relación | Editor |
| 942 ## - ELEMENTOS ADICIONALES (KOHA) | |
| Sistema de clasificación | Dewey Decimal Classification |
| Tipo de ítem | Libro |
| Withdrawn status | Lost status | Sistema de Clasificación | Damaged status | No para préstamo | Colección | Inventariado | Ubicación Permanente | Ubicación actual | Fecha de adquisición | Fuente de Valor | Valor | Total Checkouts | Número topográfico | Inventario / Código de Barras | Date last seen | Ejemplar | Price effective from | Forma de adquisición | Tipo de material |
|---|---|---|---|---|---|---|---|---|---|---|---|---|---|---|---|---|---|---|---|
| Dewey Decimal Classification | General | Inventariado 2017 | Bogotá | Bogotá | 16/06/2015 | Instituto | 39000.00 | LB-577.22 L31s | 039068 | 16/06/2015 | Ej. 1 | 16/06/2015 | Libro |